书目信息 |
| 题名: |
28天学会英语语法
|
|
| 作者: | 李文昊 主编 ;易人外语教研组 编著 | |
| 分册: | ||
| 出版信息: | 南京 江苏凤凰科学技术出版社 2019.12 |
|
| 页数: | 158页 | |
| 开本: | 21cm | |
| 丛书名: | 易人外语 | |
| 单 册: | ||
| 中图分类: | H314 | |
| 科图分类: | ||
| 主题词: | 英语--ying yu--语法--自学参考资料 | |
| 电子资源: | ||
| ISBN: | 978-7-5713-0626-7 | |
| 000 | 01042nam 2200277 450 | |
| 001 | 202020139333 | |
| 005 | 20200926181346.0 | |
| 010 | @a978-7-5713-0626-7@dCNY28.00 | |
| 100 | @a20200916d2019 em y0chiy50 ea | |
| 101 | 0 | @achi@aeng |
| 102 | @aCN@b320000 | |
| 105 | @ay z 000yy | |
| 106 | @ar | |
| 200 | 1 | @a28天学会英语语法@A28 tian xue hui ying yu yu fa@f李文昊主编@g易人外语教研组编著 |
| 210 | @a南京@c江苏凤凰科学技术出版社@d2019.12 | |
| 215 | @a158页@d21cm | |
| 225 | 2 | @a易人外语@Ayi ren wai yu |
| 314 | @a李文昊, 知名英语培训专家。 | |
| 330 | @a本书特别收录基础英语语法知识, 设置28天的学习目标, 学习者通过目录就可以对学习的内容一目了然, 了解基本的语法点。语法知识的编排顺序是由易到难, 由词到句, 循序渐进的学习方式能够帮助学习者夯实英语语法基础。 | |
| 410 | 0 | @12001 @a易人外语 |
| 606 | 0 | @a英语@Aying yu@x语法@j自学参考资料 |
| 690 | @aH314@v5 | |
| 701 | 0 | @a李文昊@Ali wen hao@4主编 |
| 712 | 02 | @a易人外语教研组@Ayi ren wai yu jiao yan zu@4编著 |
| 801 | 0 | @aCN@c20191203 |
| 905 | @a河南城建学院图书馆@dH314@eL282 | |
| 28天学会英语语法/李文昊主编/易人外语教研组编著.-南京:江苏凤凰科学技术出版社,2019.12 |
| 158页;21cm.-(易人外语) |
| ISBN 978-7-5713-0626-7:CNY28.00 |
| 本书特别收录基础英语语法知识, 设置28天的学习目标, 学习者通过目录就可以对学习的内容一目了然, 了解基本的语法点。语法知识的编排顺序是由易到难, 由词到句, 循序渐进的学习方式能够帮助学习者夯实英语语法基础。 |
| ● |
| 相关链接 |
|
|
|
正题名:28天学会英语语法
索取号:H314/L282
 
预约/预借
| 序号 | 登录号 | 条形码 | 馆藏地/架位号 | 状态 | 备注 |
| 1 | 1489033 | 214890331 | 语言库209/209语言库 4排2列1层/ [索取号:H314/L282] | 在馆 | |
| 2 | 1489034 | 214890340 | 语言库209/209语言库 4排2列1层/ [索取号:H314/L282] | 在馆 | |
| 3 | 1489035 | 214890359 | 语言库209/209语言库 4排2列1层/ [索取号:H314/L282] | 在馆 |